[Event "Koge Bugt Efterar 2009"]
[Site "Solrod Skole"]
[Date "2009.08.19"]
[Round "1.1"]
[White "Christensen, Verner"]
[Black "Forsmann, Henning"]
[Result "1-0"]
[WhiteElo "1945"]
[BlackElo "1757"]
[PlyCount "77"]
[EventDate "2009.??.??"]
[WhiteTeam "Solrød Skakklub"]
[BlackTeam "Solrød Skakklub"]

1. e4 c5 2. Nf3 Nc6 3. d4 cxd4 4. Nxd4 Nf6 5. Nc3 d6 6. Bc4 Qb6 7. Nxc6 bxc6 8.
O-O e5 9. h3 Be7 10. Qd3 O-O 11. Be3 Qc7 12. f4 exf4 13. Bxf4 Rb8 14. Kh1 Be6
15. Bb3 Nd7 16. Rad1 Bxb3 17. axb3 Ne5 18. Qg3 Kh8 19. Ne2 f6 20. Nd4 Rg8 21.
Nf5 Bf8 22. h4 Re8 23. Qh3 g5 24. hxg5 fxg5 25. Bh2 Rg6 26. Ne3 Bg7 27. Nf5 g4
28. Qh5 Bf8 29. Nh4 Rge6 30. Bxe5+ Rxe5 31. Ng6+ Kg8 32. Nxe5 Rxe5 33. Qxg4+
Bg7 34. Rf5 Re6 35. Rf8+ Kxf8 36. Qxe6 Be5 37. Rf1+ Kg7 38. Qg4+ Kh6 39. Rf5
1-0

[Event "Koge Bugt Efterar 2009"]
[Site "Solrod Skole"]
[Date "2009.08.19"]
[Round "1.2"]
[White "Nielsen, Kai Gylling"]
[Black "Larsen, Jan Robert"]
[Result "0-1"]
[WhiteElo "1899"]
[BlackElo "1718"]
[PlyCount "72"]
[EventDate "2009.??.??"]
[WhiteTeam "Roskilde Skakklub"]
[BlackTeam "Vordingborg Skakklub"]

1. e4 e5 2. Nf3 Nc6 3. d4 exd4 4. Nxd4 Nf6 5. Nc3 Bb4 6. Nxc6 bxc6 7. Bd3 O-O
8. O-O Re8 9. Qf3 d5 10. Bg5 Be7 11. exd5 cxd5 12. Bxf6 Bxf6 13. Nxd5 Bxb2 14.
Rab1 Be5 15. Nxc7 Bxh2+ 16. Kxh2 Qxc7+ 17. g3 Be6 18. Rb7 Qa5 19. Be4 Qe5 20.
a4 Bc4 21. Bc6 Rec8 22. Rfb1 h6 23. R1b4 Rxc6 24. Rxc4 Rf6 25. Rf4 Rxf4 26.
gxf4 Qf6 27. c3 Rc8 28. Rxa7 Rxc3 29. Ra8+ Kh7 30. Qg4 Rc4 31. f3 Rxf4 32. Qc8
Rh4+ 33. Kg2 Qg5+ 34. Kf1 Rh1+ 35. Ke2 Qg2+ 36. Ke3 Re1+ 0-1

[Event "Koge Bugt Efterar 2009"]
[Site "Solrod Skole"]
[Date "2009.08.19"]
[Round "1.3"]
[White "Sørensen, Aron Frank"]
[Black "Krogh, Peter Ove"]
[Result "1/2-1/2"]
[WhiteElo "1532"]
[BlackElo "1945"]
[PlyCount "84"]
[EventDate "2009.??.??"]
[WhiteTeam "Solrød Skakklub"]
[BlackTeam "Greve Skakklub"]

1. d4 Nf6 2. Nf3 b6 3. g3 Bb7 4. Bg2 d6 5. c4 Nbd7 6. Nc3 e5 7. d5 Be7 8. O-O
a5 9. e4 O-O 10. Re1 h6 11. Nh4 Kh7 12. Nf5 Rg8 13. Be3 Bf8 14. h3 Bc8 15. Qd2
Nb8 16. g4 g5 17. Kh2 Bg7 18. Rh1 Nbd7 19. Kg1 Nf8 20. f3 Ng6 21. h4 Bxf5 22.
exf5 Nxh4 23. Kf2 Rh8 24. Rh3 Qe7 25. Rah1 Nxg2 26. Kxg2 Kg8 27. Bxg5 hxg5 28.
Rxh8+ Bxh8 29. Qxg5+ Bg7 30. Qh4 Re8 31. g5 Kf8 32. gxf6 Qxf6 33. Qxf6 Bxf6 34.
Ne4 Ke7 35. Rh6 Rg8+ 36. Kf1 Bg5 37. Rh7 Kf8 38. a4 Bd8 39. b3 Rg7 40. Rh8+ Rg8
41. Rh7 Rg7 42. Rh8+ Rg8 1/2-1/2

[Event "Koge Bugt Efterar 2009"]
[Site "Solrod Skole"]
[Date "2009.08.19"]
[Round "1.4"]
[White "Wieland, Carsten"]
[Black "Refsgaard, Kaj"]
[Result "0-1"]
[WhiteElo "1187"]
[BlackElo "1795"]
[PlyCount "74"]
[EventDate "2009.??.??"]
[WhiteTeam "Solrød Skakklub"]
[BlackTeam "Jernbanens Skakklub"]

1. d4 Nf6 2. c4 g6 3. Nf3 d6 4. Nc3 Bg7 5. Bf4 O-O 6. e3 Nbd7 7. Bd3 c5 8. d5
Re8 9. O-O a6 10. a4 Nh5 11. Qc2 Nxf4 12. exf4 Nf6 13. Rfe1 Bg4 14. Ng5 h6 15.
Nge4 Nh5 16. h3 Bf5 17. g4 Bxe4 18. Rxe4 f5 19. gxh5 fxe4 20. Bxe4 gxh5 21.
Bh7+ Kh8 22. Kh2 Rf8 23. Rg1 Rf6 24. Bg6 Rxf4 25. Bxh5 Qf8 26. f3 Rxc4 27. Qg6
Qf6 28. Qg2 Rg8 29. Bg4 Qf4+ 30. Kh1 Be5 31. Qe2 h5 32. Bxh5 Rxg1+ 33. Kxg1 Rd4
34. Ne4 Rxa4 35. Qg2 Ra1+ 36. Kf2 Qc1 37. Nc3 Qe1# 0-1

[Event "Koge Bugt Efterar 2009"]
[Site "Solrod Skole"]
[Date "2009.08.19"]
[Round "1.5"]
[White "Hein, Jacob"]
[Black "Thrane, Jens"]
[Result "1/2-1/2"]
[WhiteElo "1593"]
[BlackElo "1615"]
[PlyCount "96"]
[EventDate "2009.??.??"]
[WhiteTeam "Tårnby Skakklub"]
[BlackTeam "Espergærde Skakklub"]

1. e4 c5 2. Nf3 Nc6 3. c3 d5 4. e5 d4 5. Bb5 a6 6. Bxc6+ bxc6 7. cxd4 cxd4 8.
Qa4 Qd5 9. Qxd4 e6 10. Nc3 Qxd4 11. Nxd4 c5 12. Nc2 Bb7 13. O-O Rd8 14. Rd1 Rd3
15. Rb1 a5 16. a3 Ne7 17. b4 cxb4 18. axb4 Nd5 19. Nxd5 Bxd5 20. bxa5 Bb3 21.
Ne1 Bxd1 22. Nxd3 Be7 23. Rb8+ Bd8 24. Ba3 Be2 25. a6 Bxd3 26. a7 Be4 27. Bc5
Kd7 28. d3 Bc6 29. Kf1 Re8 30. g3 Bc7 31. Rxe8 Kxe8 32. d4 Kd8 33. Ke2 Kc8 34.
Ke3 Kb7 35. Kf4 Bb6 36. a8=Q+ Kxa8 37. Bxb6 h6 38. Bc5 f5 39. h4 g6 40. Bf8 h5
41. Kg5 f4 42. Kxf4 Kb7 43. g4 hxg4 44. Kxg4 Be4 45. f3 Bf5+ 46. Kg5 Kc6 47. h5
gxh5 48. Kxh5 Kd5 1/2-1/2

[Event "Koge Bugt Efterar 2009"]
[Site "Solrod Skole"]
[Date "2009.08.19"]
[Round "1.6"]
[White "Hansen, Peter Steen"]
[Black "Jørgensen, Leif"]
[Result "1-0"]
[WhiteElo "1253"]
[BlackElo "1381"]
[PlyCount "84"]
[EventDate "2009.??.??"]
[WhiteTeam "Korsør Skakklub"]
[BlackTeam "Solrød Skakklub"]

1. d4 d5 2. Nf3 Nf6 3. c4 e6 4. Nc3 Nc6 5. Bg5 dxc4 6. a3 Be7 7. e3 h6 8. Bh4
O-O 9. Bxc4 a6 10. Rb1 b5 11. Bd3 Nd7 12. Bxe7 Qxe7 13. g4 Bb7 14. h4 f6 15.
Ke2 Nd8 16. Be4 Bxe4 17. Nxe4 Nf7 18. Qb3 Nd6 19. Ng3 Rf7 20. Rbg1 e5 21. g5
Kh8 22. Qc2 Rc8 23. Nh5 Qf8 24. Qg6 exd4 25. Nxd4 Ne5 26. Qc2 fxg5 27. f4 Re8
28. hxg5 Nf5 29. Nxf5 Rxf5 30. gxh6 gxh6 31. Qc3 Rd8 32. Ng3 b4 33. Qxb4 Qxb4
34. axb4 Rf6 35. fxe5 Re6 36. Rd1 Rde8 37. Rd7 c6 38. Rd6 Rxe5 39. Rdxh6+ Kg7
40. Rh7+ Kg6 41. R1h6+ Kg5 42. Rh5+ Kg4 1-0

[Event "Koge Bugt Efterar 2009"]
[Site "Solrod Skole"]
[Date "2009.08.26"]
[Round "2.1"]
[White "Larsen, Jan Robert"]
[Black "Christensen, Verner"]
[Result "1/2-1/2"]
[WhiteElo "1718"]
[BlackElo "1945"]
[PlyCount "61"]
[EventDate "2009.??.??"]
[WhiteTeam "Vordingborg Skakklub"]
[BlackTeam "Solrød Skakklub"]

1. e4 e5 2. Nf3 Nc6 3. d4 exd4 4. Nxd4 Bc5 5. Be3 Qf6 6. c3 Nge7 7. Bc4 Qg6 8.
O-O Ne5 9. Be2 h5 10. Nd2 d6 11. Kh1 Bg4 12. f3 Bd7 13. b4 Bb6 14. Nc2 f5 15.
f4 Ng4 16. Bxb6 axb6 17. Bf3 Bc6 18. Qe2 O-O-O 19. Nd4 Rde8 20. Nxc6 Nxc6 21.
Qd3 fxe4 22. Bxe4 Qf6 23. h3 Qh4 24. Qf3 Nd8 25. Bf5+ Kb8 26. Ne4 d5 27. Qg3
Qxg3 28. Nxg3 Re3 29. Nxh5 Nf2+ 30. Rxf2 Rxh5 31. Bg4 1/2-1/2

[Event "Koge Bugt Efterar 2009"]
[Site "Solrod Skole"]
[Date "2009.08.26"]
[Round "2.2"]
[White "Krogh, Peter Ove"]
[Black "Nielsen, Kai Gylling"]
[Result "1-0"]
[WhiteElo "1945"]
[BlackElo "1899"]
[PlyCount "83"]
[EventDate "2009.??.??"]
[WhiteTeam "Greve Skakklub"]
[BlackTeam "Roskilde Skakklub"]

1. c4 e5 2. g3 Nf6 3. Bg2 c6 4. e4 d5 5. exd5 cxd5 6. cxd5 Nxd5 7. Qe2 Nc6 8.
Nf3 Bd6 9. O-O O-O 10. Nc3 Ndb4 11. d3 Re8 12. Qd1 Bf8 13. Ne1 Bf5 14. Be4 Bxe4
15. dxe4 Nd4 16. Be3 Rc8 17. Qa4 a6 18. Qd1 b5 19. a3 Nbc6 20. Nd5 f5 21. f3
Bc5 22. Kg2 Rf8 23. Rc1 Bd6 24. Nc2 Nb3 25. Rb1 f4 26. Ncb4 Ncd4 27. gxf4 a5
28. fxe5 axb4 29. exd6 Rc2+ 30. Kh1 Qxd6 31. f4 Qh6 32. Rf2 Rfc8 33. Ne7+ Kf7
34. Nxc8 Rxf2 35. Bxf2 Qxf4 36. Qd3 Nd2 37. Bg3 Qg5 38. Nd6+ Kg6 39. e5+ Kh5
40. Qxh7+ Kg4 41. Kg2 Nxb1 42. h3# 1-0

[Event "Koge Bugt Efterar 2009"]
[Site "Solrod Skole"]
[Date "2009.08.26"]
[Round "2.3"]
[White "Forsmann, Henning"]
[Black "Sørensen, Aron Frank"]
[Result "1-0"]
[WhiteElo "1757"]
[BlackElo "1532"]
[PlyCount "55"]
[EventDate "2009.??.??"]
[WhiteTeam "Solrød Skakklub"]
[BlackTeam "Solrød Skakklub"]

1. g3 d5 2. Bg2 Nf6 3. c4 c6 4. cxd5 cxd5 5. d4 Nc6 6. Nf3 Bf5 7. Nc3 e6 8. O-O
Be7 9. a3 h6 10. Bd2 O-O 11. Rc1 Rc8 12. Re1 Bh7 13. b4 Ne4 14. e3 Nd6 15. Na4
f6 16. Nc5 Bf5 17. Nh4 b6 18. Nxf5 bxc5 19. Nxd6 Qxd6 20. bxc5 Qc7 21. Qg4 f5
22. Qh5 Na5 23. Bc3 Nc4 24. Ra1 Qc6 25. Reb1 Bd8 26. Rb4 Ba5 27. Rxc4 Bxc3 28.
Rxc3 1-0

[Event "Koge Bugt Efterar 2009"]
[Site "Solrod Skole"]
[Date "2009.08.26"]
[Round "2.4"]
[White "Hein, Jacob"]
[Black "Wieland, Carsten"]
[Result "1-0"]
[WhiteElo "1593"]
[BlackElo "1187"]
[PlyCount "65"]
[EventDate "2009.??.??"]
[WhiteTeam "Espergærde Skakklub"]
[BlackTeam "Solrød Skakklub"]

1. c4 e6 2. Nf3 Nf6 3. Nc3 Bb4 4. Na4 b6 5. a3 Be7 6. g3 Bb7 7. Bg2 O-O 8. O-O
d5 9. Ne5 Nbd7 10. Nxd7 Qxd7 11. d4 Rac8 12. b4 c6 13. c5 Rfd8 14. cxb6 Ba6 15.
Nc5 Bxc5 16. bxc5 axb6 17. cxb6 Ne4 18. Bxe4 dxe4 19. Be3 Qe7 20. Rc1 Qxa3 21.
Ra1 Bxe2 22. Qxe2 Qe7 23. Rfb1 Rd7 24. Bf4 f5 25. Bc7 Rdxc7 26. bxc7 Qxc7 27.
Qc4 Qd6 28. Ra6 g5 29. Rbb6 Kf7 30. Rxc6 Rxc6 31. Rxc6 Qb8 32. Qxe6+ Kg7 33.
Qd7+ 1-0

[Event "Koge Bugt Efterar 2009"]
[Site "Solrod Skole"]
[Date "2009.09.02"]
[Round "3.1"]
[White "Christensen, Verner"]
[Black "Hein, Jacob"]
[Result "1-0"]
[WhiteElo "1945"]
[BlackElo "1593"]
[PlyCount "24"]
[EventDate "2009.??.??"]
[WhiteTeam "Solrød Skakklub"]
[BlackTeam "Espergærde Skakklub"]

1. e4 e6 2. d4 d5 3. Nc3 Bb4 4. e5 Ne7 5. Bd3 Nd7 6. Qg4 Rf8 7. Nf3 g6 8. Bh6
f5 9. Qg3 Rf7 10. Ng5 Ng8 11. Nxe6 Qe7 12. Nxc7+ Kd8 1-0

[Event "Koge Bugt Efterar 2009"]
[Site "Solrod Skole"]
[Date "2009.09.02"]
[Round "3.2"]
[White "Larsen, Jan Robert"]
[Black "Krogh, Peter Ove"]
[Result "0-1"]
[WhiteElo "1718"]
[BlackElo "1945"]
[PlyCount "54"]
[EventDate "2009.??.??"]
[WhiteTeam "Vordingborg Skakklub"]
[BlackTeam "Greve Skakklub"]

1. e4 c5 2. Nc3 a6 3. g3 b5 4. Bg2 Bb7 5. d3 d6 6. Be3 e5 7. Qd2 Ne7 8. f4 Nd7
9. Nf3 f6 10. O-O Qc7 11. a4 b4 12. Nd1 d5 13. exd5 Nxd5 14. fxe5 fxe5 15. Ng5
N7f6 16. Nf2 Nxe3 17. Bxb7 Nxf1 18. Qe1 Qxb7 19. Qxe5+ Be7 20. Qe6 Qd5 21. Rxf1
Qxe6 22. Nxe6 Kf7 23. Ng5+ Kg6 24. Nfh3 Bd6 25. Ne6 Rae8 26. Nhf4+ Bxf4 27.
Nxf4+ Kh6 0-1

[Event "Koge Bugt Efterar 2009"]
[Site "Solrod Skole"]
[Date "2009.09.02"]
[Round "3.3"]
[White "Jørgensen, Leif"]
[Black "Forsmann, Henning"]
[Result "0-1"]
[WhiteElo "1381"]
[BlackElo "1757"]
[PlyCount "98"]
[EventDate "2009.??.??"]
[WhiteTeam "Solrød Skakklub"]
[BlackTeam "Solrød Skakklub"]

1. e4 c5 2. Nf3 Nc6 3. Bc4 e6 4. O-O a6 5. a4 Nf6 6. d3 Be7 7. Re1 O-O 8. Nc3
Qc7 9. Bg5 h6 10. Bxf6 Bxf6 11. Ra3 Na5 12. Ba2 Qb6 13. Qb1 Be7 14. Bc4 Nxc4
15. dxc4 d6 16. e5 dxe5 17. Nxe5 Bd6 18. Nf3 Qc7 19. Ne4 Be7 20. Rd3 f5 21.
Ned2 Bf6 22. b3 Re8 23. Re2 b5 24. cxb5 axb5 25. Qa2 e5 26. Ne1 Be6 27. c4 e4
28. Rd5 Bxd5 29. cxd5 c4 30. bxc4 Rxa4 31. Qb3 Ra1 32. Qxb5 Rb8 33. Qc6 Qxc6
34. dxc6 Rc8 35. g4 Bc3 36. Kf1 g6 37. h3 Rxc6 38. c5 Bb4 39. gxf5 gxf5 40. f3
Rf6 41. Nb3 Rb1 42. Nd2 Rb2 43. Nc4 Rxe2 44. Kxe2 Bxc5 45. fxe4 fxe4 46. Ne3 h5
47. N1g2 Kf7 48. Nh4 Ke6 49. Nhg2 Rf3 0-1

[Event "Koge Bugt Efterar 2009"]
[Site "Solrod Skole"]
[Date "2009.09.02"]
[Round "3.4"]
[White "Refsgaard, Kaj"]
[Black "Hansen, Peter Steen"]
[Result "1-0"]
[WhiteElo "1795"]
[BlackElo "1253"]
[PlyCount "60"]
[EventDate "2009.??.??"]
[WhiteTeam "Jernbanens Skakklub"]
[BlackTeam "Korsør Skakklub"]

1. d4 Nf6 2. Bg5 h6 3. Bxf6 gxf6 4. Nf3 Bg7 5. e3 d6 6. g3 e5 7. Bg2 Bg4 8. Qd2
e4 9. Nh4 d5 10. O-O Be6 11. f3 f5 12. fxe4 fxe4 13. c4 Rg8 14. cxd5 Bxd5 15.
Nc3 c6 16. Nxe4 Bxe4 17. Bxe4 Nd7 18. Nf5 Qc7 19. Qf2 Nf8 20. Nd6+ Kd8 21. Qxf7
Qxf7 22. Rxf7 Nd7 23. Nxb7+ Kc7 24. Nc5 Rad8 25. Bf5 Bh8 26. Nxd7 Rg7 27. Ne5+
Rxf7 28. Nxf7 Rf8 29. Nxh8 Rxh8 30. Rc1 Kb6 1-0

[Event "Koge Bugt Efterar 2009"]
[Site "Solrod Skole"]
[Date "2009.09.02"]
[Round "3.5"]
[White "Thrane, Jens"]
[Black "Sørensen, Aron Frank"]
[Result "1-0"]
[WhiteElo "1615"]
[BlackElo "1532"]
[PlyCount "95"]
[EventDate "2009.??.??"]
[WhiteTeam "Tårnby Skakklub"]
[BlackTeam "Solrød Skakklub"]

1. d4 d5 2. c4 c6 3. f3 Nf6 4. e3 e6 5. Ne2 dxc4 6. Nec3 b5 7. a4 b4 8. Na2
Nbd7 9. Bxc4 Nb6 10. Bd3 a5 11. O-O Be7 12. Nd2 O-O 13. Nc4 c5 14. Ne5 Bb7 15.
Bb5 Rc8 16. Rf2 cxd4 17. Rd2 Qc7 18. exd4 Nfd5 19. Qe2 Rfd8 20. g3 Bf6 21. f4
Ne7 22. b3 Nf5 23. Bb2 Bxe5 24. fxe5 Bd5 25. Ba6 Ra8 26. Rc1 Qa7 27. Bc4 Rac8
28. g4 Ne7 29. Kf2 Bxc4 30. bxc4 Nxa4 31. Ba1 Rd7 32. Qe3 Nb6 33. Rdc2 Rdc7 34.
Qd3 Ng6 35. Kg3 Qa6 36. h4 Nxc4 37. h5 Ne7 38. Kh4 Nd5 39. Rf1 Qb7 40. Nc1 Na3
41. Rxc7 Rxc7 42. Nb3 a4 43. Nc5 Qa8 44. Qf3 b3 45. Bc3 Nc2 46. Rf2 Ra7 47.
Nxa4 Rxa4 48. Qxf7+ 1-0

[Event "Koge Bugt Efterar 2009"]
[Site "Solrod Skole"]
[Date "2009.09.02"]
[Round "3.6"]
[White "Nielsen, Kai Gylling"]
[Black "Wieland, Carsten"]
[Result "1/2-1/2"]
[WhiteElo "1899"]
[BlackElo "1187"]
[PlyCount "114"]
[EventDate "2009.??.??"]
[WhiteTeam "Roskilde Skakklub"]
[BlackTeam "Solrød Skakklub"]

1. e4 e6 2. d4 d5 3. Nc3 Nf6 4. e5 Nfd7 5. Nf3 c5 6. Bb5 Qb6 7. Be3 c4 8. O-O
Bb4 9. Bxd7+ Bxd7 10. Ne2 O-O 11. c3 Be7 12. Qc2 Nc6 13. Rfb1 Na5 14. b3 Qc7
15. b4 Nc6 16. Ng5 Bxg5 17. Bxg5 Be8 18. f4 f6 19. exf6 gxf6 20. Bh6 Bg6 21.
Qd2 Bxb1 22. Bxf8 Bxa2 23. Bh6 Bb3 24. Nc1 Ne7 25. Qe1 Nf5 26. Qxe6+ Qf7 27.
Qxf5 Re8 28. Nxb3 cxb3 29. Rb1 Qg6 30. Qxd5+ Kh8 31. Qxb3 Qxh6 32. Rf1 Re4 33.
Qf7 Qg7 34. Qxg7+ Kxg7 35. Rf3 f5 36. g3 b6 37. Rd3 a5 38. bxa5 bxa5 39. c4
Re1+ 40. Kf2 Ra1 41. c5 a4 42. c6 a3 43. Rc3 a2 44. Ra3 Rh1 45. c7 Rxh2+ 46.
Kf3 Rc2 47. Rxa2 Rxc7 48. Rd2 Rc3+ 49. Kg2 Kf6 50. Kh3 Ke6 51. d5+ Kd6 52. Kh4
Rc5 53. Rd3 Rxd5 54. Rxd5+ Kxd5 55. Kg5 Ke4 56. g4 fxg4 57. Kxg4 h5+ 1/2-1/2

[Event "Koge Bugt Efterar 2009"]
[Site "Solrod Skole"]
[Date "2009.09.09"]
[Round "4.1"]
[White "Krogh, Peter Ove"]
[Black "Christensen, Verner"]
[Result "0-1"]
[WhiteElo "1945"]
[BlackElo "1945"]
[PlyCount "114"]
[EventDate "2009.??.??"]
[WhiteTeam "Greve Skakklub"]
[BlackTeam "Solrød Skakklub"]

1. c4 f5 2. Nf3 Nf6 3. Nc3 e6 4. d4 d5 5. Bg5 c6 6. e3 Be7 7. Bd3 O-O 8. O-O
Ne4 9. Bxe7 Qxe7 10. Ne5 Nd7 11. Nxd7 Bxd7 12. f4 Be8 13. Be2 Kh8 14. Nxe4 fxe4
15. Qe1 Bg6 16. g4 Rad8 17. b4 Rf6 18. h4 Be8 19. c5 Bd7 20. a4 g6 21. Kg2 Rg8
22. g5 Rff8 23. h5 Kg7 24. Rh1 Rh8 25. b5 e5 26. h6+ Kf7 27. Qg3 exd4 28. exd4
Bf5 29. Qe3 Qc7 30. Rhb1 Qd7 31. Kg3 Rb8 32. a5 Rhc8 33. bxc6 bxc6 34. Ba6 Rf8
35. Be2 Kg8 36. a6 Qc7 37. Bd1 Bd7 38. Rxb8 Rxb8 39. Ra2 Rb4 40. Ra3 Qb8 41.
Rb3 Qb5 42. Rxb4 Qxb4 43. Bg4 Bxg4 44. Kxg4 Qb5 45. f5 gxf5+ 46. Kxf5 Qxa6 47.
Ke6 Qf1 48. Qb3 Qf7+ 49. Kd6 Qe8 50. Qb7 Qg6+ 51. Kc7 e3 52. Qc8+ Kf7 53. Qd7+
Kf8 54. Qd8+ Qe8 55. Qd6+ Qe7+ 56. Kc8 e2 57. Qf4+ Ke8 0-1

[Event "Koge Bugt Efterar 2009"]
[Site "Solrod Skole"]
[Date "2009.09.09"]
[Round "4.2"]
[White "Thrane, Jens"]
[Black "Refsgaard, Kaj"]
[Result "1/2-1/2"]
[WhiteElo "1615"]
[BlackElo "1795"]
[PlyCount "66"]
[EventDate "2009.??.??"]
[WhiteTeam "Tårnby Skakklub"]
[BlackTeam "Jernbanens Skakklub"]

1. d4 Nf6 2. c4 g6 3. e3 d6 4. Ne2 Bg7 5. b4 Nbd7 6. a4 O-O 7. Ra2 b6 8. b5 e5
9. f3 exd4 10. Nxd4 Nh5 11. g3 Bb7 12. Bg2 Re8 13. O-O Nc5 14. Nc3 a6 15. Qc2
axb5 16. axb5 Rxa2 17. Nxa2 Bh6 18. e4 Bxc1 19. Rxc1 Qf6 20. Rd1 Ne6 21. Qf2
Ra8 22. Nxe6 Qxe6 23. Rc1 Ng7 24. Bf1 Qe5 25. Nb4 Ra1 26. Rxa1 Qxa1 27. Qa2 Qe1
28. Nd5 Bxd5 29. cxd5 Qe3+ 30. Kg2 Ne8 31. Qc2 Nf6 32. Qxc7 Qd2+ 33. Kh3 Qh6+
1/2-1/2

[Event "Koge Bugt Efterar 2009"]
[Site "Solrod Skole"]
[Date "2009.09.09"]
[Round "4.3"]
[White "Hein, Jacob"]
[Black "Larsen, Jan Robert"]
[Result "0-1"]
[WhiteElo "1593"]
[BlackElo "1718"]
[PlyCount "46"]
[EventDate "2009.??.??"]
[WhiteTeam "Espergærde Skakklub"]
[BlackTeam "Vordingborg Skakklub"]

1. c4 Nf6 2. Nf3 g6 3. Nc3 d5 4. d4 Bg7 5. e3 O-O 6. Be2 c6 7. c5 b6 8. b4 a5
9. cxb6 axb4 10. Na4 Nbd7 11. Ne5 Nxe5 12. dxe5 Nd7 13. Rb1 Nxb6 14. Rxb4 Nxa4
15. Rxa4 Rxa4 16. Qxa4 Qb6 17. f4 Bf5 18. O-O Rb8 19. Ba3 Qxe3+ 20. Rf2 Rb1+
21. Bf1 Rxf1+ 22. Kxf1 Bd3+ 23. Kg1 Qe1+ 0-1

[Event "Koge Bugt Efterar 2009"]
[Site "Solrod Skole"]
[Date "2009.09.09"]
[Round "4.4"]
[White "Wieland, Carsten"]
[Black "Jørgensen, Leif"]
[Result "1-0"]
[WhiteElo "1187"]
[BlackElo "1381"]
[PlyCount "107"]
[EventDate "2009.??.??"]
[WhiteTeam "Solrød Skakklub"]
[BlackTeam "Solrød Skakklub"]

1. d4 d5 2. Nf3 Nf6 3. e3 Bg4 4. c4 c6 5. h3 Bd7 6. Nc3 e6 7. Bd2 Bb4 8. Rc1 c5
9. cxd5 exd5 10. dxc5 Bxc5 11. Nxd5 b6 12. Nxf6+ Qxf6 13. Bc3 Qg6 14. Ne5 Qh6
15. Bc4 Rf8 16. Qd5 Bc6 17. Nxc6 Nxc6 18. Bb5 Rc8 19. Rd1 Qe6 20. Bxc6+ Qxc6
21. Qe5+ Qe6 22. Qxg7 Ke7 23. Qg5+ f6 24. Qd5 Qxd5 25. Rxd5 Ke6 26. Rd2 f5 27.
Ke2 f4 28. exf4 Rxf4 29. f3 Re8 30. Kf1 Rc8 31. Re2+ Kf7 32. Be5 Rc4 33. g4 Re8
34. Kg2 Bd6 35. f4 Rxf4 36. Rhe1 Bxe5 37. Rxe5 Rxe5 38. Rxe5 Rd4 39. Rf5+ Ke6
40. Rf2 a5 41. Kg3 a4 42. Kh4 b5 43. Kh5 b4 44. Kh6 Rd3 45. Rh2 Kf6 46. Kxh7
Rd7+ 47. Kh6 a3 48. b3 Rd3 49. g5+ Kf5 50. Rf2+ Ke4 51. h4 Ke3 52. Rc2 Rd8 53.
g6 Kf4 54. g7 1-0

[Event "Koge Bugt Efterar 2009"]
[Site "Solrod Skole"]
[Date "2009.09.09"]
[Round "4.5"]
[White "Hansen, Peter Steen"]
[Black "Nielsen, Kai Gylling"]
[Result "0-1"]
[WhiteElo "1253"]
[BlackElo "1899"]
[PlyCount "41"]
[EventDate "2009.??.??"]
[WhiteTeam "Korsør Skakklub"]
[BlackTeam "Roskilde Skakklub"]

1. d4 c5 2. d5 e5 3. e4 d6 4. Nf3 Nf6 5. Nc3 Be7 6. Bg5 h6 7. Bh4 O-O 8. Bxf6
Bxf6 9. Qe2 a6 10. Qe3 b5 11. Ne2 Nd7 12. Ng3 Nb6 13. b3 Bg4 14. Be2 Rc8 15.
O-O Bxf3 16. Qxf3 c4 17. Qh5 Bg5 18. Qh3 cxb3 19. cxb3 Rc3 20. Rac1 Bxc1 21.
Nf5 0-1

[Event "Koge Bugt Efterar 2009"]
[Site "Solrod Skole"]
[Date "2009.09.16"]
[Round "5.1"]
[White "Refsgaard, Kaj"]
[Black "Christensen, Verner"]
[Result "0-1"]
[WhiteElo "1795"]
[BlackElo "1945"]
[PlyCount "50"]
[EventDate "2009.??.??"]
[WhiteTeam "Jernbanens Skakklub"]
[BlackTeam "Solrød Skakklub"]

1. d4 f5 2. c4 e6 3. Nf3 Nf6 4. Nc3 d5 5. e3 c6 6. cxd5 exd5 7. Bd3 Bd6 8. O-O
O-O 9. Ne2 Ne4 10. Ng3 Kh8 11. Qc2 Nd7 12. Nd2 Ndf6 13. Ngxe4 fxe4 14. Be2 Ng4
15. g3 Nxh2 16. Kxh2 Qh4+ 17. Kg2 Qh3+ 18. Kg1 Bxg3 19. fxg3 Qxg3+ 20. Kh1 Bh3
21. Rg1 Qh4 22. Nf3 exf3 23. Bxf3 Rxf3 24. Qh2 Rf2 25. Qe5 Bg2# 0-1

[Event "Koge Bugt Efterar 2009"]
[Site "Solrod Skole"]
[Date "2009.09.16"]
[Round "5.2"]
[White "Forsmann, Henning"]
[Black "Krogh, Peter Ove"]
[Result "1-0"]
[WhiteElo "1757"]
[BlackElo "1945"]
[PlyCount "74"]
[EventDate "2009.??.??"]
[WhiteTeam "Solrød Skakklub"]
[BlackTeam "Greve Skakklub"]

1. d4 Nf6 2. e3 b6 3. Nf3 Bb7 4. c3 d6 5. Bd3 Nbd7 6. O-O e5 7. dxe5 dxe5 8.
Bc4 Bd6 9. Qe2 O-O 10. h3 Qe7 11. Nh4 g6 12. Nd2 e4 13. f4 Nh5 14. Qg4 Kh8 15.
Nf5 gxf5 16. Qxh5 Qf6 17. Nb3 c5 18. Bd2 a5 19. Rad1 a4 20. Nc1 Ba6 21. Bxa6
Rxa6 22. Be1 b5 23. Rd5 a3 24. b3 c4 25. Rxf5 Qe7 26. Bh4 f6 27. b4 Bb8 28.
Rxb5 Ba7 29. Qe2 Qg7 30. Kh2 f5 31. Rb7 Qh6 32. Be7 Qc6 33. Rxd7 Qxd7 34. Bxf8
Qf7 35. Bc5 Bxc5 36. bxc5 Rc6 37. Qd2 Rxc5 1-0

[Event "Koge Bugt Efterar 2009"]
[Site "Solrod Skole"]
[Date "2009.09.16"]
[Round "5.3"]
[White "Larsen, Jan Robert"]
[Black "Thrane, Jens"]
[Result "1-0"]
[WhiteElo "1718"]
[BlackElo "1615"]
[PlyCount "73"]
[EventDate "2009.??.??"]
[WhiteTeam "Vordingborg Skakklub"]
[BlackTeam "Tårnby Skakklub"]

1. e4 c5 2. Nc3 Nc6 3. g3 e6 4. Bg2 Nf6 5. d3 d5 6. Bg5 d4 7. Nce2 e5 8. f4 h6
9. Bxf6 gxf6 10. Nf3 Be6 11. O-O Qc7 12. a3 h5 13. c3 Bh6 14. b4 exf4 15. cxd4
cxd4 16. gxf4 Bxf4 17. Nxf4 Qxf4 18. Kh1 Qe3 19. b5 Ne5 20. Qa4 Qxd3 21. Nxd4
Qc4 22. Qxc4 Bxc4 23. Rxf6 O-O-O 24. Nf5 Bxb5 25. Nd6+ Rxd6 26. Rxd6 Bc6 27.
Rc1 h4 28. Bh3+ Kc7 29. Rf6 Rd8 30. Rf5 Re8 31. Rc5 Kd6 32. Rxc6+ Kxc6 33. Rh5
Ng6 34. Rh7 Rxe4 35. Bg2 Kd5 36. Bxe4+ Kxe4 37. Rxf7 1-0

[Event "Koge Bugt Efterar 2009"]
[Site "Solrod Skole"]
[Date "2009.09.16"]
[Round "5.4"]
[White "Nielsen, Kai Gylling"]
[Black "Hein, Jacob"]
[Result "1-0"]
[WhiteElo "1899"]
[BlackElo "1593"]
[PlyCount "63"]
[EventDate "2009.??.??"]
[WhiteTeam "Roskilde Skakklub"]
[BlackTeam "Espergærde Skakklub"]

1. e4 c5 2. Nf3 d6 3. b3 Nf6 4. Nc3 g6 5. Bb2 Bg7 6. Bb5+ Nc6 7. O-O O-O 8. h3
Nd4 9. Be2 Nxf3+ 10. Bxf3 Bd7 11. e5 dxe5 12. Bxb7 Rb8 13. Bf3 Qc8 14. Ne4 Nxe4
15. Bxe4 Rd8 16. Qe2 Rb6 17. f4 c4 18. Bxe5 Bxe5 19. fxe5 Qc5+ 20. Kh1 Qxe5 21.
Rae1 cxb3 22. axb3 Re6 23. Qf2 Rf6 24. Bf3 Qa5 25. Rxe7 Be6 26. d3 Bd5 27. Rxa7
Qxa7 28. Qxa7 Bxf3 29. Rxf3 Rxf3 30. gxf3 Re8 31. Qf2 Kf8 32. d4 1-0

[Event "Koge Bugt Efterar 2009"]
[Site "Solrod Skole"]
[Date "2009.09.16"]
[Round "5.5"]
[White "Wieland, Carsten"]
[Black "Hansen, Peter Steen"]
[Result "0-1"]
[WhiteElo "1187"]
[BlackElo "1253"]
[PlyCount "38"]
[EventDate "2009.??.??"]
[WhiteTeam "Solrød Skakklub"]
[BlackTeam "Korsør Skakklub"]

1. d4 Nf6 2. c4 e5 3. dxe5 Ng4 4. Nf3 Nc6 5. Bf4 Bb4+ 6. Nbd2 Qe7 7. e6 dxe6 8.
e3 e5 9. Bg3 e4 10. Nd4 Nxd4 11. exd4 e3 12. fxe3 Nxe3 13. Qe2 Bg4 14. Qd3 Nc2+
15. Kf2 Nxa1 16. Nf3 Bxf3 17. Qxf3 Be1+ 18. Kg1 Nc2 19. Qxb7 Qe3+ 0-1